The CN top 100 contractors (Record no. 84296)

MARC details
000 -LEADER
fixed length control field 00766cab a22001935a 4500
001 - CONTROL NUMBER
control field L157203
008 - FIXED-LENGTH DATA ELEMENTS--GENERAL INFORMATION
fixed length control field 120920e20120908xxk 000 0 eng d
035 ## - SYSTEM CONTROL NUMBER
System control number (Sirsi) u157203
041 0# - LANGUAGE CODE
Language code of text/sound track or separate title eng
100 1# - MAIN ENTRY--PERSONAL NAME
Personal name Dennis, Sarah
245 04 - TITLE STATEMENT
Title The CN top 100 contractors
Remainder of title 2012
260 ## - PUBLICATION, DISTRIBUTION, ETC.
Date of publication, distribution, etc. 2012
490 ## - SERIES STATEMENT
Series statement Construction News
Volume/sequential designation supplement 6 September 2012, 1-38(38)
520 ## - SUMMARY, ETC.
Summary, etc. This Construction News supplement covers review of the year, a list of the top 100 contractors, mergers and acquisitions, regional outlook, top 20 housebuilders, top 10 specialist contractors, top engineering consultants, top QS consultants, sector outlook, profits, remuneration.
590 ## - LOCAL NOTE (RLIN)
Local note KA
651 #4 - SUBJECT ADDED ENTRY--GEOGRAPHIC NAME
Geographic name United Kingdom
Chronological subdivision
690 ## - LOCAL SUBJECT ADDED ENTRY--TOPICAL TERM (OCLC, RLIN)
Topical term or geographic name as entry element Construction management
9 (RLIN) 6230
942 ## - ADDED ENTRY ELEMENTS (KOHA)
Suppress in OPAC 0
Holdings
Withdrawn status Lost status Source of classification or shelving scheme Damaged status Not for loan Home library Current library Shelving location Date acquired Total Checkouts Full call number Barcode Date last seen Price effective from Koha item type
    Dewey Decimal Classification     London London Journal article 20/09/2012   L157203 157203-1001 06/08/2019 06/08/2019 Journal article